Sports Quiz

Random Sports or Soccer Quiz
Score 0/36 Timer 05:00
0 Plays Today
Club answer % Correct
Eintracht FrankfurtNike
100%
FC AugsburgNike
100%
FC Bayern MünchenAdidas
100%
FC Ingolstadt 04Adidas
100%
FC Schalke 04Adidas
100%
Hamburger SVAdidas
100%
Hertha BSCNike
100%
RB LeipzigNike
100%
SV Werder BremenNike
100%
VfL WolfsburgNike
100%
Borussia DortmundPuma
92%
FC Bayern MünchenTelekom
71.6%
VfL WolfsburgVolkswagen
68.2%
RB LeipzigRed Bull
59.1%
Borussia MönchengladbachKappa
58%
FC Schalke 04Gazprom
43.2%
1. FSV Mainz 05Lotto
42%
TSG 1899 HoffenheimLotto
42%
Club answer % Correct
Borussia DortmundEvonik
42%
Bayer 04 LeverkusenJako
40.9%
Hamburger SVEmirates
40.9%
SV Darmstadt 98Jako
40.9%
1. FC KölnErima
37.5%
1. FC KölnRewe
36.4%
Borussia MönchengladbachPostbank
31.8%
SC FreiburgHummel
30.7%
TSG 1899 HoffenheimSAP
29.5%
SV Werder BremenWiesenhof
25%
FC Ingolstadt 04Media Markt
20.5%
FC AugsburgWWK
18.2%
Hertha BSCbet-at-home.com
18.2%
Eintracht FrankfurtKrombacher
14.8%
Bayer 04 LeverkusenBarmenia
13.6%
SC FreiburgSchwarzwaldmilch
12.5%
1. FSV Mainz 05Kömmerling
11.4%
SV Darmstadt 98Software AG
11.4%

You're not logged in!

Compare scores with friends on all Sporcle quizzes.
OR
Log In

Sporcle TV

Today on Sporcle TV


Watch our educational content, quiz creation guides, and fun videos on Sporcle TV.

Show Comments

Extras

Top Quizzes Today


Score Distribution

Paid Content

Your Account Isn't Verified!

In order to create a playlist on Sporcle, you need to verify the email address you used during registration. Go to your Sporcle Settings to finish the process.

Report this User

Report this user for behavior that violates our Community Guidelines.

Details: